Catálogo
 En Linea

De Baní a Boston : (Registro nro. 53093)

Detalles MARC
000 -CABECERA
campo de control de longitud fija 01367nam a2200337 a 4500
003 - IDENTIFICADOR DEL NÚMERO DE CONTROL
campo de control DO-SdBNP
005 - FECHA Y HORA DE LA ÚLTIMA TRANSACCIÓN
campo de control 20240319121127.0
007 - CAMPO FIJO DE DESCRIPCIÓN FÍSICA--INFORMACIÓN GENERAL
campo de control de longitud fija ta
008 - DATOS DE LONGITUD FIJA--INFORMACIÓN GENERAL
campo de control de longitud fija 110325s2022 dr bd 001 0 spa d
020 ## - NÚMERO INTERNACIONAL ESTÁNDAR DEL LIBRO
Número Internacional Estándar del Libro 9789945634044
040 ## - FUENTE DE LA CATALOGACIÓN
Centro catalogador/agencia de origen DO-SdBNP
Lengua de catalogación spa
Centro/agencia transcriptor BNPHU
082 ## - NÚMERO DE LA CLASIFICACIÓN DECIMAL DEWEY
Número de documento/Ítem L666
100 ## - ENTRADA PRINCIPAL--NOMBRE DE PERSONA
Nombre de persona Levitt, Peggy
9 (RLIN) 83008
245 10 - MENCIÓN DE TÍTULO
Título De Baní a Boston :
Resto del título construyendo comunidad a través de fronteras /
Mención de responsabilidad, etc. Peggy Levitt ; presentación Samuel Pereyra Rojas Wilfredo Lozano ; prólogo Rafael Emilio Yunén
260 ## - PUBLICACIÓN, DISTRIBUCIÓN, ETC.
Lugar de publicación, distribución, etc. Santo Domingo, :
Nombre del editor, distribuidor, etc. Instituto Nacional de Migración,
-- Banco de Reservas,
Fecha de publicación, distribución, etc. 2022.
300 ## - DESCRIPCIÓN FÍSICA
Extensión 331p. :
Otras características físicas map., diagr. ;
Dimensiones 23 cm.
490 1# - MENCIÓN DE SERIE
Mención de serie Clásicos de la Migración Dominicana
500 ## - NOTA GENERAL
Nota general Incluye datos biográficos de la autora en la solapa de la portada.
500 ## - NOTA GENERAL
Nota general Incluye Índice de cuadros, grafícos, mapas y diagramas
500 ## - NOTA GENERAL
Nota general Incluye notas y biografías a pie de paginas.
500 ## - NOTA GENERAL
Nota general Incluye índice onomástico.
504 ## - NOTA DE BIBLIOGRAFÍA, ETC.
Nota de bibliografía, etc. Bibliografía : p. 299-321
590 ## - NOTA LOCAL (RLIN)
Nota local Inventariado, 2022/ YL
650 #4 - PUNTO DE ACCESO ADICIONAL DE MATERIA--TÉRMINO DE MATERIA
Término de materia o nombre geográfico como elemento de entrada Trabajadores extranjeros
Subdivisión geográfica República Dominicana
9 (RLIN) 53854
650 #4 - PUNTO DE ACCESO ADICIONAL DE MATERIA--TÉRMINO DE MATERIA
Término de materia o nombre geográfico como elemento de entrada Haitianos en república dominicana
9 (RLIN) 2246
700 12 - PUNTO DE ACCESO ADICIONAL--NOMBRE DE PERSONA
Nombre de persona Pereyra Rojas, Samuel
Término indicativo de función/relación pres.
9 (RLIN) 83007
700 12 - PUNTO DE ACCESO ADICIONAL--NOMBRE DE PERSONA
Nombre de persona Lozano, Wilfredo
Término indicativo de función/relación pres..
9 (RLIN) 81507
700 12 - PUNTO DE ACCESO ADICIONAL--NOMBRE DE PERSONA
Nombre de persona Yunén, Rafael Emilio
Fechas asociadas al nombre 1952-
Término indicativo de función/relación prol.
9 (RLIN) 2304
910 ## - DATOS DE OPCIÓN DEL USUARIO (OCLC)
Datos de opción del usuario YLockward
942 ## - ELEMENTOS DE PUNTO DE ACCESO ADICIONAL (KOHA)
Fuente del sistema de clasificación o colocación Dewey Decimal Classification
Tipo de ítem Koha Libro
Existencias
Estado de retiro Estado de pérdida Fuente del sistema de clasificación o colocación Restricciones de uso No para préstamo Código de colección Localización permanente Ubicación/localización actual Ubicación en estantería Fecha de adquisición Fuente de adquisición Total de préstamos Signatura topográfica completa Código de barras Fecha visto por última vez Precio válido a partir de Tipo de ítem Koha Número de copia
    Dewey Decimal Classification Excluido de préstamo   Patrimonio Dominicano Biblioteca Nacional Pedro Henríquez Ureña Biblioteca Nacional Pedro Henríquez Ureña En catalogación 09.11.2022 Instituto Nacional de Migración   L666 2022-5945 07.12.2022 07.12.2022 Libro  
    Dewey Decimal Classification Excluido de préstamo   Patrimonio Dominicano Biblioteca Nacional Pedro Henríquez Ureña Biblioteca Nacional Pedro Henríquez Ureña En catalogación 09.11.2022 Instituto Nacional de Migración   L666 2022-5946 07.12.2022 07.12.2022 Libro e. 2
    Dewey Decimal Classification Préstamo en sala   Dominicana de Servicio Biblioteca Nacional Pedro Henríquez Ureña Biblioteca Nacional Pedro Henríquez Ureña En catalogación 09.11.2022 Instituto Nacional de Migración   L666 2022-5947 07.12.2022 07.12.2022 Libro e. 3

Con tecnología Koha